000 00308nam a22001337a 4500
008 181205b xxu||||| |||| 00| 0 eng d
020 _a9781556423802
041 _aeng
080 _a611
100 _a7
101 _aANA
245 _aPhysiology The Basis of Clinical Practice
_cIrion,G
942 _2udc
_cBK
999 _c52878
_d52878